Co często wynajmują sobie firmy? - Statystyki

Ogólne statystyki
  • Ten quiz został rozwiązany 3 razy
  • Średni wynik to 1 z 5
Statystyki odpowiedzi
Hint Odpowiedź % Poprawnych
4. Biuro
67%
5. Ludzi
33%
1. Lokale
0%
2. Maszyny
0%
3. Pojazdy
0%
Nie znaleziono quizów pasujących do podanych kryteriów
Rozkład punktacji
Procent ludzi z każdym wynikiem
Percentyl według liczby udzielonych odpowiedzi
Twoja historia wyników
Nie rozwiązałeś tego quizu